|
|
|
|
| LEADER |
00000cas a2200000 a 4500 |
| 001 |
vtls010302413 |
| 003 |
SK-MaSNL |
| 005 |
20260228162639.0 |
| 008 |
141209d19471950xo wr|p 0 b0slo |
| 040 |
|
|
|a SNK
|b slo
|c SNK
|e AACR2
|
| 041 |
0 |
|
|a slo
|
| 044 |
|
|
|a xo
|c SK
|
| 072 |
|
7 |
|a 316
|x Sociológia
|2 konspekt
|
| 072 |
|
7 |
|a 316.4/.7
|x Sociálne interakcie
|2 konspekt
|
| 072 |
|
7 |
|a 32
|x Politika
|2 konspekt
|
| 080 |
|
|
|a 32
|2 2001
|
| 080 |
|
|
|a 316.647.82
|2 2001
|
| 080 |
|
|
|a 316
|2 2001
|
| 245 |
0 |
0 |
|a Tribúna
|b nezávislý týždenník
|
| 260 |
|
|
|a Bratislava
|b Sdruženie rasove prenasledovaných
|c 1947-1950
|
| 300 |
|
|
|a 4 roč.
|c 51 cm
|
| 310 |
|
|
|a 1x týždenne
|
| 362 |
0 |
|
|a Roč. I, č. 1 (3.5.1947)-roč. IV, č. 3 (5.2.1950)
|
| 500 |
|
|
|a Zodp. red. Ján Steiner
|
| 500 |
|
|
|a V tiráži podnázov: nezávislý týždenník pre politiku, kultúru a hospodárstvo
|
| 650 |
0 |
7 |
|a diskriminácia
|2 SNKPH
|9 4923
|
| 650 |
0 |
7 |
|a spoločenský život
|2 SNKPH
|9 28654
|
| 650 |
0 |
7 |
|a politika
|2 SNKPH
|9 968
|
| 650 |
0 |
7 |
|a hospodárstvo
|2 SNKPH
|9 14275
|
| 655 |
|
7 |
|a spoločenské časopisy
|2 SNKPH
|9 70515
|
| 700 |
1 |
|
|a Steiner, Ján
|4 pbd
|9 271701
|
| 910 |
|
|
|a snk
|
| 916 |
|
|
|a 1947-1950
|
| 999 |
|
|
|c 8148
|d 10078
|
| 952 |
|
|
|0 0
|1 0
|4 0
|7 0
|a SNK
|b SNK
|d 2014-12-09
|f 1
|i snk551/49
|l 0
|o snkČSA 268/2/1948
|p 17A0024961
|r 2026-02-21 21:14:12
|t č. 1-52
|w 2026-02-21
|y PREZ
|z Č. 32 nevyšlo
|
| 952 |
|
|
|0 0
|1 0
|4 0
|7 0
|a SNK
|b SNK
|d 1996-12-03
|i snk120/48
|l 0
|o snkČSA 268/1/1947 D1
|p 17A0024989
|r 2005-01-01 00:00:00
|t č. 1-34
|w 2026-02-21
|y PREZ
|
| 952 |
|
|
|0 0
|1 0
|4 0
|7 0
|a SNK
|b SNK
|d 2003-08-21
|f 1
|i snkII. 1488/50
|l 0
|o snkČSA 268/4/1950
|p 17A0394152
|r 2005-01-01 00:00:00
|t č. 1-3
|w 2026-02-21
|y PREZ
|
| 952 |
|
|
|0 0
|1 0
|4 0
|7 0
|8 5
|a SNK
|b SNK
|d 2003-09-19
|f 1
|i snk3486/68
|l 0
|o snkČSA 268/1/1947
|p 17A0394748
|r 2005-01-01 00:00:00
|t č. 1-34
|w 2026-02-21
|y PREZ
|
| 952 |
|
|
|0 0
|1 0
|4 0
|7 0
|8 5
|a SNK
|b SNK
|d 2003-09-19
|i snkF 3487/68
|l 0
|o snkČSA 268/2/1948 D1
|p 17A0394569
|r 2005-01-01 00:00:00
|t č. 1-52
|w 2026-02-21
|y PREZ
|z č. 32 nevyšlo
|
| 952 |
|
|
|0 0
|1 0
|4 0
|7 0
|a SNK
|b SNK
|d 2003-09-19
|f 1
|i snk315/50
|l 0
|o snkČSA 268/3/1949
|p 17A0067915
|r 2005-01-01 00:00:00
|t č. 1-52
|w 2026-02-21
|y PREZ
|
| 952 |
|
|
|0 0
|1 0
|4 0
|7 0
|a SNK
|b SNK
|d 2003-09-19
|l 0
|o snkČSA 268/4/1950 D1
|p 17A0394642
|r 2005-01-01 00:00:00
|t č. 1-3
|w 2026-02-21
|y PREZ
|